[Event "Andorra open"]
[Site "Escaldes"]
[Date "2018.07.21"]
[Round "1.20"]
[White "Tormo Bas, Gonzalo"]
[Black "Loiseau, Quentin"]
[Result "0-1"]
[WhiteElo "1856"]
[BlackElo "2402"]
[PlyCount "108"]
[EventDate "2018.07.21"]
[EventType "swiss"]
[EventCountry "AND"]

1. d4 Nf6 2. c4 c5 3. d5 e6 4. Nc3 exd5 5. cxd5 d6 6. e4 g6 7. g3 Bg7 8. Bg2
O-O 9. Nge2 Re8 10. O-O Na6 11. h3 Bd7 12. Bf4 b5 13. Bxd6 b4 14. e5 bxc3 15.
Nxc3 Nh5 16. Re1 Qb6 17. Qd2 f6 18. e6 Qxd6 19. exd7 Rxe1+ 20. Rxe1 Nc7 21. Nb5
Nxb5 22. Re8+ Bf8 23. Rxa8 Qxd7 24. Qa5 Nc7 25. Qxa7 Kg7 26. Rxf8 Kxf8 27.
Qxc5+ Kg7 28. a4 f5 29. d6 Ne8 30. Qe5+ Nhf6 31. Qe7+ Qxe7 32. dxe7 Kf7 33. a5
Nc7 34. Bb7 Kxe7 35. a6 Nb5 36. Bc6 Na7 37. Bf3 Kd6 38. g4 f4 39. g5 Nd7 40. h4
Ne5 41. Be4 Nec6 42. b4 Nxb4 43. h5 gxh5 44. Bxh7 Ke5 45. Kg2 Nxa6 46. g6 Kf6
47. Kf3 Nc5 48. Kxf4 Ne6+ 49. Kg3 Nc6 50. g7 Nxg7 51. f4 Nf5+ 52. Bxf5 Kxf5 53.
Kh4 Kg6 54. f5+ Kh6 0-1

[Event "Andorra open"]
[Site "Escaldes"]
[Date "2018.07.22"]
[Round "2.1"]
[White "Martinez, Ayelen"]
[Black "Fedorchuk, Sergey A"]
[Result "0-1"]
[WhiteElo "2236"]
[BlackElo "2626"]
[PlyCount "165"]
[EventDate "2018.07.21"]
[EventType "swiss"]
[EventCountry "AND"]

1. e4 c5 2. Nf3 e6 3. d4 cxd4 4. Nxd4 a6 5. Bd3 Bc5 6. Nb3 Be7 7. Qg4 g6 8. Qe2
d6 9. O-O Nd7 10. Nc3 Qc7 11. Bd2 h5 12. Rae1 b5 13. a4 bxa4 14. Nxa4 Ngf6 15.
Nc3 Ne5 16. Ra1 Nxd3 17. Qxd3 O-O 18. Bg5 Rb8 19. f3 Rd8 20. Qd4 Qb6 21. Rfd1
Rd7 22. Kf1 Kg7 23. e5 Qxd4 24. Nxd4 Nd5 25. Bxe7 Nxe7 26. exd6 Rxd6 27. Ne4
Rdb6 28. b3 e5 29. Ne2 Bf5 30. Ra5 Bxe4 31. fxe4 Nc6 32. Rc5 Nb4 33. Rd7 h4 34.
Ng1 Rf6+ 35. Ke2 Rb5 36. Rcc7 Nc6 37. Nf3 Rc5 38. c4 Ra5 39. Ng5 Nd4+ 40. Kd3
Ra3 41. c5 Nxb3 42. Kc4 Na5+ 43. Kb4 Ra2 44. Nxf7 Rf1 45. Nxe5+ Kh6 46. Nd3
Rb1+ 47. Kc3 Rxg2 48. Nf4 Rxh2 49. Rh7+ Kg5 50. Ne6+ Kg4 51. Rcg7 Kf3 52. Kd4
Rd1+ 53. Ke5 Nc6+ 54. Kf6 Kxe4 55. Ng5+ Ke3 56. Kxg6 Rd5 57. Rh8 Rxc5 58. Rf8
Rg2 59. Kh6 Nd4 60. Re8+ Kd3 61. Rd8 Rc6+ 62. Kh5 h3 63. Rgd7 Rc4 64. Nxh3 Kc3
65. Nf4 Rh2+ 66. Kg4 Ne2 67. Rd3+ Kb4 68. Rb8+ Ka4 69. Rf3 Nxf4 70. Rxf4 Rh4+
71. Kxh4 Rxf4+ 72. Kg3 Rf1 73. Kg2 Rf5 74. Kg3 a5 75. Kg2 Ka3 76. Kh2 a4 77.
Rg8 Rb5 78. Kg2 Kb2 79. Kf3 a3 80. Rg2+ Kb3 81. Ke4 a2 82. Rg3+ Ka4 83. Rg1 0-1

[Event "Andorra open"]
[Site "Escaldes"]
[Date "2018.07.22"]
[Round "2.2"]
[White "Lagarde, Maxime"]
[Black "Benmesbah, Natacha"]
[Result "1-0"]
[WhiteElo "2615"]
[BlackElo "2255"]
[PlyCount "83"]
[EventDate "2018.07.21"]
[EventType "swiss"]
[EventCountry "AND"]

1. d4 Nf6 2. c4 e6 3. Nc3 Bb4 4. Bg5 h6 5. Bh4 c5 6. d5 Bxc3+ 7. bxc3 d6 8. f3
e5 9. e4 Nbd7 10. Bd3 Nf8 11. Ne2 Ng6 12. Bf2 O-O 13. g4 Nd7 14. Be3 Qf6 15.
Ng3 Nf4 16. Bf1 Re8 17. Qd2 Nf8 18. h4 N8g6 19. Qh2 b5 20. Rb1 bxc4 21. h5 Ne7
22. Bxc4 Nfxd5 23. exd5 Qxf3 24. Qf2 Bxg4 25. O-O Qxf2+ 26. Bxf2 f5 27. Bb5
Red8 28. c4 Kh8 29. Rb3 Kh7 30. Be1 f4 31. Ne4 Bf5 32. Bh4 a6 33. Bxe7 axb5 34.
Nxd6 bxc4 35. Rb7 Bd3 36. Rc1 Rdb8 37. Rxb8 Rxb8 38. Nxc4 Bf5 39. Nxe5 Rb2 40.
d6 Re2 41. Rxc5 Rxa2 42. Ng6 1-0

[Event "Andorra open"]
[Site "Escaldes"]
[Date "2018.07.22"]
[Round "2.3"]
[White "Morros Faura, Ricard"]
[Black "Postny, Evgeny"]
[Result "0-1"]
[WhiteElo "2227"]
[BlackElo "2585"]
[PlyCount "80"]
[EventDate "2018.07.21"]
[EventType "swiss"]
[EventCountry "AND"]

1. e4 c6 2. d4 d5 3. f3 e6 4. Be3 dxe4 5. fxe4 Qh4+ 6. g3 Qxe4 7. Qe2 Nf6 8.
Bg2 Qf5 9. Nf3 Qa5+ 10. Nbd2 Be7 11. O-O O-O 12. Ne5 Nbd7 13. Ndc4 Qd8 14. Rad1
Nd5 15. Bc1 N7b6 16. Kh1 Nxc4 17. Qxc4 Bg5 18. Qb3 Bxc1 19. Rxc1 f6 20. Nc4 a5
21. Ne3 a4 22. Qa3 Nxe3 23. Qxe3 a3 24. b3 Qd6 25. Rfe1 Bd7 26. Rcd1 Rae8 27.
Qc3 b6 28. b4 Ra8 29. Qb3 Kh8 30. c4 Ra7 31. c5 Qb8 32. b5 Rc7 33. bxc6 Rxc6
34. Bxc6 Bxc6+ 35. Kg1 Bd5 36. Qxb6 Qa8 37. Rc1 Rb8 38. Qd6 Rb2 39. Rb1 Rg2+
40. Kf1 Bc4+ 0-1

[Event "Andorra open"]
[Site "Escaldes"]
[Date "2018.07.22"]
[Round "2.4"]
[White "Shabalov, Alexander"]
[Black "Cuadras Avellana, Jordi"]
[Result "1-0"]
[WhiteElo "2567"]
[BlackElo "2240"]
[PlyCount "47"]
[EventDate "2018.07.21"]
[EventType "swiss"]
[EventCountry "AND"]

1. e4 c5 2. Nf3 e6 3. d4 cxd4 4. Nxd4 Nc6 5. Nc3 a6 6. Be3 Nf6 7. Bd3 d6 8. O-O
Be7 9. f4 Bd7 10. Kh1 O-O 11. Qf3 Qa5 12. Qg3 Nxd4 13. Bxd4 Bc6 14. a3 Rad8 15.
Rae1 b5 16. Nd5 exd5 17. exd5 Nh5 18. Qf3 Nf6 19. Rxe7 Bxd5 20. Qg3 Kh8 21.
Bxf6 gxf6 22. Qh3 Bxg2+ 23. Qxg2 Rg8 24. Qe4 1-0

[Event "Andorra open"]
[Site "Escaldes"]
[Date "2018.07.22"]
[Round "2.5"]
[White "Pham Guerrero, Sergi"]
[Black "Kunin, Vitaly"]
[Result "0-1"]
[WhiteElo "2208"]
[BlackElo "2538"]
[PlyCount "62"]
[EventDate "2018.07.21"]
[EventType "swiss"]
[EventCountry "AND"]

1. e4 c5 2. Nf3 e6 3. d3 Nc6 4. g3 d6 5. Bg2 Be7 6. O-O Nf6 7. Nc3 O-O 8. Re1
Bd7 9. Bf4 e5 10. Bg5 Be6 11. Qd2 Nd4 12. Bxf6 Bxf6 13. a4 g6 14. h4 Bg7 15.
Nd5 h6 16. Ra3 f5 17. Nxd4 cxd4 18. exf5 gxf5 19. Rb3 Rb8 20. c3 Qd7 21. cxd4
Qf7 22. Qa5 b6 23. Qb5 e4 24. dxe4 fxe4 25. Nf4 Bxb3 26. Bxe4 Rbe8 27. Qd3 Rxe4
28. Qxe4 Bxa4 29. d5 Bd7 30. Re3 Bxb2 31. Re2 Be5 0-1

[Event "Andorra open"]
[Site "Escaldes"]
[Date "2018.07.22"]
[Round "2.6"]
[White "Del Rio De Angelis, Salvador G"]
[Black "Gomez Anadon, Daniel"]
[Result "1-0"]
[WhiteElo "2525"]
[BlackElo "2228"]
[PlyCount "89"]
[EventDate "2018.07.21"]
[EventType "swiss"]
[EventCountry "AND"]

1. d4 d5 2. c4 e6 3. Nc3 c6 4. Nf3 Nf6 5. Bg5 dxc4 6. e4 b5 7. e5 h6 8. Bh4 g5
9. Bg3 Nd5 10. Nd2 Qa5 11. Nde4 Bb7 12. Be2 Nd7 13. O-O O-O-O 14. a4 b4 15. Nb1
N7b6 16. Nbd2 Ba6 17. Qc1 Kb7 18. Nxc4 Nxc4 19. Bxc4 Bxc4 20. Qxc4 Qa6 21. Qb3
Be7 22. Qf3 Rh7 23. Rfc1 h5 24. h4 g4 25. Qd1 Rhh8 26. Qd2 Rd7 27. Bf4 Rc8 28.
Bg5 Bf8 29. b3 Qb6 30. Rc4 a5 31. Rac1 Nc3 32. Nxc3 bxc3 33. Qxc3 Bb4 34. Qe3
Rcc7 35. Qe4 Rd5 36. Be3 Ba3 37. Rb1 Be7 38. g3 Ka6 39. Qd3 Ka7 40. Qh7 f6 41.
Qxh5 f5 42. Qg6 c5 43. dxc5 Bxc5 44. Rbc1 Rxe5 45. Rxc5 1-0

[Event "Andorra open"]
[Site "Escaldes"]
[Date "2018.07.22"]
[Round "2.7"]
[White "Fernandez De Bobadilla, Gabriel"]
[Black "Demuth, Adrien"]
[Result "1/2-1/2"]
[WhiteElo "2175"]
[BlackElo "2524"]
[PlyCount "85"]
[EventDate "2018.07.21"]
[EventType "swiss"]
[EventCountry "AND"]

1. d4 Nf6 2. c4 c5 3. d5 b5 4. Qc2 b4 5. e4 d6 6. Nf3 g6 7. a3 bxa3 8. Rxa3 Bg7
9. Nc3 O-O 10. Be2 Na6 11. O-O Nb4 12. Qb1 e5 13. Ne1 Nh5 14. Bxh5 gxh5 15. f4
exf4 16. Bxf4 f5 17. Nf3 fxe4 18. Bg5 Qe8 19. Nxe4 Bf5 20. Re1 Qg6 21. Nh4 Qxg5
22. Nxg5 Bxb1 23. Rxb1 Rf4 24. g3 Rxc4 25. Nf5 Nxd5 26. Nxg7 Kxg7 27. Rd1 h6
28. Nf3 Nf6 29. Rxd6 Rc1+ 30. Kg2 Rc2+ 31. Rd2 Rxd2+ 32. Nxd2 a6 33. Ra5 Rb8
34. b3 Rd8 35. Nc4 Rd3 36. Rxc5 Rxb3 37. Rc7+ Kg6 38. Rc6 Rb4 39. Ne3 Rb2+ 40.
Kg1 Rb1+ 41. Kg2 Rb2+ 42. Kg1 Rb1+ 43. Kg2 1/2-1/2

[Event "Andorra open"]
[Site "Escaldes"]
[Date "2018.07.22"]
[Round "2.8"]
[White "Repka, Christopher"]
[Black "Vidal, Llewellyn"]
[Result "1-0"]
[WhiteElo "2519"]
[BlackElo "2221"]
[PlyCount "71"]
[EventDate "2018.07.21"]
[EventType "swiss"]
[EventCountry "AND"]

1. d4 d5 2. Nf3 Nf6 3. e3 e6 4. b3 b6 5. Bb2 Bb7 6. Bd3 Bd6 7. O-O O-O 8. c4
Nbd7 9. Nc3 a6 10. Qe2 Ne4 11. Rfd1 f5 12. Ne5 Ndf6 13. f3 Nxc3 14. Bxc3 Qe7
15. Rac1 Rfd8 16. cxd5 Nxd5 17. Bd2 Bxe5 18. dxe5 Rd7 19. e4 fxe4 20. Qxe4 g6
21. Qg4 Qf7 22. Be4 Rad8 23. Bg5 Rf8 24. h4 h5 25. Qh3 Nf4 26. Bxf4 Bxe4 27.
Bh6 Bf5 28. g4 hxg4 29. fxg4 Rxd1+ 30. Rxd1 Be4 31. Bxf8 Qxf8 32. Qe3 Bd5 33.
Rf1 Qe7 34. Rf6 Kh7 35. h5 Qb4 36. Rxg6 1-0

[Event "Andorra open"]
[Site "Escaldes"]
[Date "2018.07.22"]
[Round "2.9"]
[White "Alboredo, Julia"]
[Black "Arizmendi Martinez, Julen Luis"]
[Result "0-1"]
[WhiteElo "2163"]
[BlackElo "2507"]
[PlyCount "98"]
[EventDate "2018.07.21"]
[EventType "swiss"]
[EventCountry "AND"]

1. e4 c5 2. Nf3 Nc6 3. d4 cxd4 4. Nxd4 g6 5. c4 Nf6 6. Nc3 Nxd4 7. Qxd4 d6 8.
Be2 Bg7 9. Be3 O-O 10. Qd2 a5 11. f3 a4 12. Rc1 Be6 13. O-O Qa5 14. Nd5 Bxd5
15. exd5 Qxd2 16. Bxd2 Nd7 17. Bc3 Rfc8 18. f4 Rc7 19. Bxg7 Kxg7 20. b3 axb3
21. axb3 Ra3 22. Rb1 Nc5 23. Rf3 Ne4 24. Re3 Nf6 25. g4 Kf8 26. g5 Nd7 27. Kf2
Ra2 28. h4 b5 29. Kg3 Nb6 30. h5 gxh5 31. Rh1 Ra3 32. Kf2 bxc4 33. bxc4 Rxe3
34. Kxe3 Nxc4+ 35. Kd4 Na5 36. Rxh5 Nb3+ 37. Ke4 Rc2 38. Ke3 Rc3+ 39. Kf2 Kg7
40. Bf3 Nc5 41. Rh1 Nd3+ 42. Kg3 Rc5 43. f5 Ne5 44. Be2 Rc2 45. Kf2 Rd2 46. Rd1
Rxd1 47. Bxd1 f6 48. gxf6+ Kxf6 49. Bc2 Nd7 0-1

[Event "Andorra open"]
[Site "Escaldes"]
[Date "2018.07.22"]
[Round "2.10"]
[White "Smith, Axel"]
[Black "Martinez Lopez, Ivan"]
[Result "1-0"]
[WhiteElo "2491"]
[BlackElo "2195"]
[PlyCount "69"]
[EventDate "2018.07.21"]
[EventType "swiss"]
[EventCountry "AND"]

1. c4 Nf6 2. Nf3 e6 3. e3 c5 4. d4 cxd4 5. exd4 d5 6. Nc3 Be7 7. cxd5 exd5 8.
Bd3 O-O 9. Ne5 Nc6 10. O-O Be6 11. Bf4 Rc8 12. Rc1 a6 13. Bb1 Re8 14. h3 Qb6
15. Qd2 Bb4 16. Be3 Na7 17. a3 Bxc3 18. bxc3 Qa5 19. f4 Bd7 20. g4 Bb5 21. g5
Nd7 22. Rf3 Qxa3 23. f5 Nxe5 24. dxe5 Nc6 25. e6 fxe6 26. f6 Ne5 27. f7+ Nxf7
28. Bxh7+ Kxh7 29. g6+ Kh8 30. gxf7 Rf8 31. Rf4 Rc4 32. Qd1 g6 33. Qd4+ Rxd4
34. Bxd4+ e5 35. Bxe5+ 1-0

[Event "Andorra open"]
[Site "Escaldes"]
[Date "2018.07.22"]
[Round "2.11"]
[White "Orteu Capdevila, Max"]
[Black "Admiraal, Miguoel"]
[Result "0-1"]
[WhiteElo "2158"]
[BlackElo "2479"]
[PlyCount "148"]
[EventDate "2018.07.21"]
[EventType "swiss"]
[EventCountry "AND"]

1. e4 c5 2. Nf3 e6 3. d4 cxd4 4. Nxd4 Nc6 5. Nc3 Qc7 6. g3 a6 7. Bg2 h5 8. Bf4
e5 9. Nd5 Qb8 10. Nb6 exf4 11. Nxa8 Qxa8 12. gxf4 Nge7 13. f5 Nxd4 14. Qxd4 Nc6
15. Qd2 Be7 16. O-O-O Qa7 17. f4 Qc5 18. Kb1 Na5 19. Rhe1 Rh6 20. Qd4 Qxd4 21.
Rxd4 b5 22. e5 Nc4 23. Rd3 d5 24. Bxd5 Bxf5 25. Be4 Bxe4 26. Rxe4 Rg6 27. Re1
Rg2 28. Rg3 Rxh2 29. Rxg7 Rf2 30. Rh7 h4 31. a4 Rxf4 32. axb5 axb5 33. e6 fxe6
34. Rxe6 Rf7 35. Rxh4 Kd7 36. Rxe7+ Rxe7 37. b3 Nd6 38. Kb2 Re2 39. Kc3 Kc6 40.
Rh6 Rg2 41. Rh5 Rg4 42. b4 Rc4+ 43. Kb3 Ne4 44. Rh6+ Kb7 45. Rh5 Kb6 46. Rh2
Rc6 47. Rh5 Rc3+ 48. Kb2 Kc6 49. Rh4 Re3 50. Rh8 Nd6 51. Rh5 Nc4+ 52. Kb1 Re2
53. Rc5+ Kb6 54. Rc8 Re1+ 55. Ka2 Rc1 56. Kb3 Rb1+ 57. Kc3 Nd6 58. Rh8 Ne4+ 59.
Kd3 Rxb4 60. Rh5 Rc4 61. Rh8 Nc5+ 62. Kd2 Nd7 63. Rh5 Kc6 64. Rg5 Rc5 65. Rg6+
Kd5 66. Rh6 Ne5 67. Rh5 Kc6 68. Rh6+ Kb7 69. Rf6 Nc6 70. Rf7+ Kb6 71. Rf6 Ka5
72. Rh6 Nb4 73. c3 Nd5 74. Rh5 Nxc3 0-1

[Event "Andorra open"]
[Site "Escaldes"]
[Date "2018.07.22"]
[Round "2.12"]
[White "Nayhebaver, Martin"]
[Black "Palacios Herrero, Pablo"]
[Result "1-0"]
[WhiteElo "2478"]
[BlackElo "2183"]
[PlyCount "69"]
[EventDate "2018.07.21"]
[EventType "swiss"]
[EventCountry "AND"]

1. d4 d5 2. c4 e6 3. Nc3 Bb4 4. e3 Nf6 5. Bd3 O-O 6. Nge2 dxc4 7. Bxc4 b6 8.
O-O Bb7 9. Ng3 Nbd7 10. a3 Bd6 11. Qe2 c5 12. Nb5 Bb8 13. Rd1 a6 14. Nc3 Qe7
15. Bd3 Rd8 16. Bc2 Bc7 17. e4 cxd4 18. Rxd4 Rac8 19. Rd1 b5 20. Bg5 h6 21. Be3
Ne5 22. Bf4 Ng6 23. Bd2 Ne5 24. f4 Rxd2 25. Rxd2 Bb6+ 26. Kh1 Nfg4 27. fxe5 Qh4
28. h3 h5 29. Nxh5 f5 30. exf6 Nf2+ 31. Kh2 g6 32. Ng3 Rf8 33. Rd7 Bc8 34. Rg7+
Kh8 35. Rxg6 1-0

[Event "Andorra open"]
[Site "Escaldes"]
[Date "2018.07.22"]
[Round "2.13"]
[White "De Seroux, Camille"]
[Black "Pena Gomez, Manuel"]
[Result "1/2-1/2"]
[WhiteElo "2146"]
[BlackElo "2475"]
[PlyCount "134"]
[EventDate "2018.07.21"]
[EventType "swiss"]
[EventCountry "AND"]

1. e4 c5 2. Nf3 d6 3. d4 Nf6 4. Nc3 cxd4 5. Qxd4 Nc6 6. Bb5 Bd7 7. Bxc6 Bxc6 8.
Bg5 e6 9. Qd3 Be7 10. Nd4 O-O 11. O-O-O Qa5 12. f4 Rfc8 13. f5 Rab8 14. h4 h6
15. Kb1 Qe5 16. Nf3 Qg3 17. Rh3 Qxg2 18. Rh2 Qg4 19. Rg1 Qh5 20. Bxf6 Bxf6 21.
Ne2 exf5 22. Nf4 fxe4 23. Qxd6 Qxf3 24. Qxf6 Qd1+ 25. Rxd1 gxf6 26. Nh5 Rd8 27.
Nxf6+ Kh8 28. Re1 Rd6 29. Ng4 Re8 30. Rf2 Rg6 31. Ne3 Re7 32. b3 Rd7 33. Ref1
Kg7 34. Nf5+ Kf8 35. h5 Rg5 36. Nxh6 e3 37. Re2 Bg2 38. Rf4 Rxh5 39. Nxf7 Rh1+
40. Kb2 Rf1 41. Ne5+ Rxf4 42. Nxd7+ Ke7 43. Nc5 Rf2 44. Rxe3+ Kd6 45. b4 b6 46.
Ne4+ Bxe4 47. Rxe4 a5 48. bxa5 bxa5 49. Kb3 Kc5 50. Re5+ Kb6 51. a4 Rf6 52. Rh5
Rg6 53. c3 Rf6 54. Rb5+ Ka6 55. Rd5 Kb6 56. Kc4 Rf4+ 57. Rd4 Rf6 58. Kd5 Rf5+
59. Ke6 Rh5 60. Re4 Kc5 61. Rf4 Rh6+ 62. Ke5 Rh3 63. Rf8 Kc4 64. Rc8+ Kb3 65.
c4 Kxa4 66. Rb8 Rb3 67. Rxb3 Kxb3 1/2-1/2

[Event "Andorra open"]
[Site "Escaldes"]
[Date "2018.07.22"]
[Round "2.14"]
[White "Narciso Dublan, Marc"]
[Black "Laliena Solanes, Luis"]
[Result "1-0"]
[WhiteElo "2466"]
[BlackElo "2174"]
[PlyCount "121"]
[EventDate "2018.07.21"]
[EventType "swiss"]
[EventCountry "AND"]

1. d4 Nf6 2. Bg5 Ne4 3. Bf4 c5 4. f3 Qa5+ 5. c3 Nf6 6. d5 Nh5 7. Bg5 h6 8. Bh4
e5 9. e4 d6 10. Ne2 Qc7 11. g4 Nf4 12. Nxf4 exf4 13. Nd2 Be7 14. Bxe7 Qxe7 15.
h4 Nd7 16. Nc4 Ne5 17. Kf2 Bd7 18. a4 Nxc4 19. Bxc4 Qe5 20. Qb3 O-O-O 21. Bb5
h5 22. g5 Kb8 23. Bxd7 Rxd7 24. Rae1 Re7 25. Qc4 Rhe8 26. Re2 f6 27. Rg1 fxg5
28. hxg5 h4 29. Kf1 Rh8 30. Rh2 Rh5 31. Qe2 h3 32. Rgh1 Re8 33. Rxh3 Rxg5 34.
Qh2 Rg3 35. Rxg3 fxg3 36. Qh5 g5 37. Kg2 Rf8 38. Qg4 Qf4 39. Qxg3 Qd2+ 40. Qf2
Qxf2+ 41. Kxf2 g4 42. Kg3 Rxf3+ 43. Kxg4 Rf2 44. Rh8+ Kc7 45. Rh7+ Kc8 46. b4
cxb4 47. cxb4 Rb2 48. Kf5 Rxb4 49. e5 dxe5 50. Ke6 Rd4 51. d6 b5 52. a5 a6 53.
Rh8+ Kb7 54. d7 b4 55. d8=Q Rxd8 56. Rxd8 Kc6 57. Kxe5 Kb5 58. Kd4 Kxa5 59. Kc4
Ka4 60. Rd1 a5 61. Ra1# 1-0

[Event "Andorra open"]
[Site "Escaldes"]
[Date "2018.07.22"]
[Round "2.15"]
[White "El Mchaouri Mas, Younes"]
[Black "Fluvia Poyatos, Jordi"]
[Result "0-1"]
[WhiteElo "2120"]
[BlackElo "2436"]
[PlyCount "84"]
[EventDate "2018.07.21"]
[EventType "swiss"]
[EventCountry "AND"]

1. Nf3 d5 2. d4 Bf5 3. c4 e6 4. Nc3 Bb4 5. Qa4+ Nc6 6. a3 Bxc3+ 7. bxc3 Nge7 8.
e3 O-O 9. cxd5 exd5 10. Bd2 Nc8 11. c4 Nb6 12. Qb3 dxc4 13. Bxc4 Nxc4 14. Qxc4
Be4 15. Qe2 Re8 16. O-O Qd5 17. Rfc1 Rad8 18. Rc5 Nxd4 19. exd4 Bxf3 20. Rxd5
Bxe2 21. Rxd8 Rxd8 22. Re1 Bb5 23. Bc3 Rd5 24. Re7 Bd7 25. f3 f6 26. Kf2 b6 27.
Re2 Kf7 28. Ke3 Bb5 29. Rb2 Bc6 30. Be1 Rd7 31. Bg3 Bd5 32. Rc2 c6 33. Rc1 g5
34. Kd3 h5 35. h4 Kg6 36. Re1 Kf5 37. hxg5 fxg5 38. Re5+ Kf6 39. f4 Bxg2 40.
Rxg5 Rd5 41. Rg8 Kf7 42. Ra8 Ra5 0-1

[Event "Andorra open"]
[Site "Escaldes"]
[Date "2018.07.22"]
[Round "2.16"]
[White "Aloma Vidal, Roberto"]
[Black "Benet Catala, Anton"]
[Result "1-0"]
[WhiteElo "2433"]
[BlackElo "2160"]
[PlyCount "125"]
[EventDate "2018.07.21"]
[EventType "swiss"]
[EventCountry "AND"]

1. e4 g6 2. d4 c6 3. Nf3 d5 4. Nbd2 Bg7 5. Bd3 Bg4 6. c3 dxe4 7. Nxe4 Nd7 8.
O-O Ngf6 9. h3 Bxf3 10. Qxf3 O-O 11. Nxf6+ Nxf6 12. Re1 Re8 13. Bc4 Qd7 14. Bg5
Qf5 15. Qxf5 gxf5 16. Re3 e6 17. g4 fxg4 18. hxg4 h6 19. Bh4 Nd5 20. Rf3 b5 21.
Bf1 e5 22. dxe5 Rxe5 23. Rd3 Rae8 24. Bg3 Re4 25. f3 R4e6 26. a4 a6 27. axb5
axb5 28. Ra7 Bf8 29. Bf2 h5 30. gxh5 Bh6 31. Rd7 Re5 32. Rd4 Rxh5 33. Rg4+ Rg5
34. Rd6 Rxg4+ 35. fxg4 Re6 36. Rd8+ Kg7 37. Bxb5 Ne3 38. Bd3 Bf4 39. Rd4 Bg5
40. Rb4 Be7 41. Rb7 Bg5 42. b4 Bf4 43. Rd7 Rh6 44. Bxe3 Bxe3+ 45. Kg2 Rf6 46.
Bf5 Bf4 47. Kf3 Be5 48. Ke4 Bxc3 49. g5 Rg6 50. Bxg6 Kxg6 51. Rb7 Kxg5 52. Kd3
Be1 53. Ke2 Bc3 54. Kd3 Be1 55. Kc4 f5 56. Re7 Bf2 57. Rg7+ Kf4 58. Rg6 Kf3 59.
Rxc6 f4 60. Kd3 Kg2 61. Ke4 Be1 62. Rg6+ Bg3 63. Rf6 1-0

[Event "Andorra open"]
[Site "Escaldes"]
[Date "2018.07.22"]
[Round "2.17"]
[White "Dubois, Pierre"]
[Black "Jerez Perez, Alfonso"]
[Result "0-1"]
[WhiteElo "2105"]
[BlackElo "2423"]
[PlyCount "78"]
[EventDate "2018.07.21"]
[EventType "swiss"]
[EventCountry "AND"]

1. e4 e6 2. Qe2 e5 3. Qd1 Nf6 4. Nc3 Bb4 5. Nf3 O-O 6. Nxe5 Qe7 7. Nd3 Bxc3 8.
dxc3 Qxe4+ 9. Be3 Nd5 10. Qf3 Re8 11. Qxe4 Rxe4 12. Kd2 Nxe3 13. fxe3 d6 14.
Be2 c6 15. Bf3 Re7 16. c4 Nd7 17. Rad1 Nf6 18. Rhe1 Bf5 19. Nf2 Rae8 20. b3 d5
21. cxd5 cxd5 22. Kc1 Rxe3 23. Rxe3 Rxe3 24. Bxd5 Re2 25. Be4 g5 26. Bxf5 Rxf2
27. Bc8 Rxg2 28. Bxb7 Rxh2 29. c4 Rxa2 30. Rd6 Kg7 31. c5 Ra5 32. c6 Rc5+ 33.
Kb2 a5 34. Rd8 g4 35. Ra8 g3 36. Rd8 h5 37. Rd7 h4 38. Rd3 g2 39. Rd1 h3 0-1

[Event "Andorra open"]
[Site "Escaldes"]
[Date "2018.07.22"]
[Round "2.18"]
[White "Beshukov, Sergei"]
[Black "Tleptsok, Ruslan"]
[Result "1-0"]
[WhiteElo "2417"]
[BlackElo "2126"]
[PlyCount "89"]
[EventDate "2018.07.21"]
[EventType "swiss"]
[EventCountry "AND"]

1. Nf3 d5 2. g3 Nf6 3. Bg2 c6 4. O-O g6 5. d4 Bg7 6. c4 O-O 7. cxd5 cxd5 8. Ne5
Nc6 9. Nc3 Qb6 10. Nxc6 Qxc6 11. Qb3 Rd8 12. Bg5 Be6 13. Rfd1 Qd7 14. Qa3 h6
15. Bf4 Nh5 16. Be3 Nf6 17. f3 Bh3 18. Bh1 h5 19. Rac1 h4 20. g4 Bxg4 21. fxg4
Qxg4+ 22. Kf2 Qh3 23. Bf3 Qxh2+ 24. Ke1 e5 25. dxe5 Qxe5 26. Bd4 Qg3+ 27. Bf2
Qg5 28. Qc5 b6 29. Qe3 Bh6 30. Qxg5 Bxg5 31. Rb1 h3 32. Nxd5 Nxd5 33. Rxd5 Rxd5
34. Bxd5 Rd8 35. Bf3 f5 36. Rd1 Rc8 37. Bd4 Rc1 38. Rxc1 Bxc1 39. b4 g5 40. e3
g4 41. Bd5+ Kh7 42. Kf2 Kg6 43. Be5 Kg5 44. Bf4+ Kh4 45. Be6 1-0

[Event "Andorra open"]
[Site "Escaldes"]
[Date "2018.07.22"]
[Round "2.19"]
[White "Llaneza Vega, Patricia"]
[Black "Ruiz Castillo, Joshua Daniel"]
[Result "0-1"]
[WhiteElo "2099"]
[BlackElo "2410"]
[PlyCount "92"]
[EventDate "2018.07.21"]
[EventType "swiss"]
[EventCountry "AND"]

1. e4 c5 2. Nf3 d6 3. d4 cxd4 4. Nxd4 Nf6 5. Nc3 a6 6. Qf3 Nbd7 7. Be2 g6 8. h3
Bg7 9. Nb3 Rb8 10. a4 b6 11. O-O Bb7 12. Re1 Rc8 13. Bf1 O-O 14. Bd2 Ne5 15.
Qg3 Nc4 16. Bxc4 Rxc4 17. Qd3 Qc8 18. Rad1 Nd7 19. Nd5 Bxd5 20. exd5 Ne5 21.
Qe3 Rxc2 22. Rc1 Qc4 23. Qxb6 Rxc1 24. Rxc1 Qxd5 25. Bc3 Nd3 26. Bxg7 Nxc1 27.
Bxf8 Ne2+ 28. Kh2 Qd1 29. f3 Kxf8 30. Qe3 Qe1 31. Nd2 Qg3+ 32. Kh1 Nf4 33. Qg1
d5 34. b4 Nd3 35. Qd4 Qe1+ 36. Kh2 Qe5+ 37. Qxe5 Nxe5 38. Nb3 Nd3 39. b5 axb5
40. a5 Nb4 41. Nd4 Ke8 42. Nxb5 Kd7 43. f4 Kc6 44. Nd4+ Kc5 45. Nf3 f6 46. Kg1
Nc6 0-1

[Event "Andorra open"]
[Site "Escaldes"]
[Date "2018.07.22"]
[Round "2.20"]
[White "Loiseau, Quentin"]
[Black "Librelato, Kathie Goulart"]
[Result "1/2-1/2"]
[WhiteElo "2402"]
[BlackElo "2100"]
[PlyCount "90"]
[EventDate "2018.07.21"]
[EventType "swiss"]
[EventCountry "AND"]

1. d4 Nf6 2. c4 g6 3. Nc3 Bg7 4. e4 d6 5. Bd3 O-O 6. Nge2 c5 7. d5 e6 8. Bg5
exd5 9. exd5 Re8 10. O-O Nbd7 11. f4 Qb6 12. Qd2 Ng4 13. h3 Ne3 14. Rf3 Nf5 15.
Bxf5 gxf5 16. Ng3 Nf6 17. Bxf6 Bxf6 18. Nb5 a6 19. Nh5 Bh8 20. Rg3+ Kf8 21. Nc3
Qb4 22. b3 b5 23. Qd3 Bd7 24. Rc1 Qa3 25. Rc2 bxc4 26. bxc4 Re1+ 27. Kh2 Rae8
28. Qd2 Qb4 29. Rb2 Qxc4 30. Rb7 Qf1 31. Rf3 Qg1+ 32. Kg3 Ke7 33. Ne2 Rg8+ 34.
Kh4 Qxg2 35. Re3+ Be5 36. Rxe5+ dxe5 37. Rxd7+ Kxd7 38. Nf6+ Kc8 39. Qe3 Qxe2
40. Qxc5+ Kb7 41. Qc6+ Ka7 42. Qc7+ Ka8 43. Qc6+ Ka7 44. Qc7+ Ka8 45. Qc6+ Ka7
1/2-1/2

[Event "Andorra open"]
[Site "Escaldes"]
[Date "2018.07.22"]
[Round "2.21"]
[White "Bianchi, Andrea"]
[Black "Barbero Sendic, Alejandro"]
[Result "0-1"]
[WhiteElo "2082"]
[BlackElo "2388"]
[PlyCount "136"]
[EventDate "2018.07.21"]
[EventType "swiss"]
[EventCountry "AND"]

1. e4 e5 2. Nf3 Nc6 3. Bc4 Bc5 4. c3 Nf6 5. d3 d6 6. a4 a5 7. O-O h6 8. Nbd2
O-O 9. h3 Ba7 10. Re1 Ne7 11. Nf1 Ng6 12. Ng3 c6 13. Ba2 d5 14. exd5 Nxd5 15.
d4 exd4 16. Nxd4 Qh4 17. Bxd5 cxd5 18. Qh5 Bxd4 19. cxd4 Qxd4 20. Rd1 Qb4 21.
Qxd5 Be6 22. Qb5 Rfd8 23. Rxd8+ Rxd8 24. Be3 Rd5 25. Qxb4 axb4 26. Ne2 Ne5 27.
Nf4 Rd7 28. Nxe6 fxe6 29. Rc1 Nc6 30. Kf1 Rd5 31. Ke2 Ra5 32. b3 Rd5 33. Rc4 e5
34. Rc5 Rd6 35. Rb5 Rd7 36. f3 Kf7 37. Rb6 Ke6 38. Bc5 Kf5 39. Ke3 Na5 40. Bxb4
Nc6 41. Bc3 Ne7 42. g4+ Kg5 43. Ke2 Nd5 44. Bd2+ Kh4 45. Re6 Nf4+ 46. Bxf4 exf4
47. Re4 Kg3 48. h4 Rc7 49. h5 Rc2+ 50. Kd3 Rf2 51. Re7 Rxf3+ 52. Kc4 Re3 53.
Rxg7 f3 54. g5 hxg5 55. Rxg5+ Kf4 56. Rg1 Re6 57. a5 f2 58. Rf1 Ke3 59. b4 Ke2
60. Rb1 Kf3 61. Rf1 Kg2 62. Rb1 f1=Q+ 63. Rxf1 Kxf1 64. b5 Rh6 65. Kc5 Ke2 66.
b6 Kd3 67. a6 Rxh5+ 68. Kb4 bxa6 0-1

[Event "Andorra open"]
[Site "Escaldes"]
[Date "2018.07.22"]
[Round "2.22"]
[White "Trepat Herranz, Joan"]
[Black "Represa Perez, Mireya"]
[Result "1-0"]
[WhiteElo "2380"]
[BlackElo "2084"]
[PlyCount "71"]
[EventDate "2018.07.21"]
[EventType "swiss"]
[EventCountry "AND"]

1. e4 c5 2. Nf3 d6 3. d4 cxd4 4. Nxd4 Nf6 5. Nc3 a6 6. Be2 e5 7. Nf3 Be7 8. Bg5
Nbd7 9. a4 Qc7 10. O-O O-O 11. Nd2 b6 12. Nc4 Bb7 13. Ne3 Rfe8 14. Bc4 Rac8 15.
Bxf6 Nxf6 16. Qd3 Nd7 17. Ncd5 Bxd5 18. Qxd5 Rf8 19. Bxa6 Ra8 20. Bb5 Nc5 21.
Qc4 Bg5 22. Nd5 Qb7 23. g3 Rfc8 24. Qe2 f5 25. exf5 Kh8 26. Rfd1 Rf8 27. b4 Na6
28. Bxa6 Rxa6 29. Nc7 Qxc7 30. Qxa6 Rxf5 31. Qa8+ Bd8 32. a5 Rf8 33. a6 Qf7 34.
Rf1 d5 35. a7 h5 36. Qc8 1-0